LEADER 01077nam a22003015i 4500 001 991002254899707536 007 cr nn 008mamaa 008 121227s1997 de | s |||| 0|eng d 020 $a9783540695981 035 $ab14145285-39ule_inst 040 $aBibl. Dip.le Aggr. Matematica e Fisica - Sez. Matematica$beng 082 04$a512.44$223 084 $aAMS 13-XX 084 $aAMS 13C10 100 1 $aMandal, Satya$061865 245 10$aProjective modules and complete intersections$h[e-book] /$cby Satya Mandal 260 $aBerlin :$bSpringer,$c1997 300 $a1 online resource (viii, 124 p.) 440 0$aLecture Notes in Mathematics,$x0075-8434 ;$v1672 650 0$aMathematics 650 0$aAlgebra 773 0 $aSpringer eBooks 856 40$uhttp://dx.doi.org/10.1007/BFb0093556$zAn electronic book accessible through the World Wide Web 907 $a.b14145285$b03-03-22$c05-09-13 912 $a991002254899707536 996 $aProjective modules and complete intersections$978090 997 $aUNISALENTO 998 $ale013$b05-09-13$cm$d@ $e-$feng$gde $h0$i0 LEADER 02186nam0 2200385 i 450 001 RMG0108654 005 20251003044338.0 010 $a8888321527 020 $aIT$b2004-3715 100 $a20050225d2003 ||||0itac50 ba 101 | $aita 102 $ait 181 1$6z01$ai $bxxxe 182 1$6z01$an 200 1 $aˆLa ‰Corte europea dei diritti umani e l'esecuzione delle sue sentenze$eSIOI, Palazzetto Venezia, Roma, 6-7 giugno 2002 210 $aNapoli$cEditoriale scientifica$d°2003] 215 $a191 p.$d24 cm 225 | $aˆLa ‰comunità internazionale$i. Quaderni$i. Nuova serie$v7 300 $aAtti del Convegno 300 $aIn testa al front.: Società italiana per l'organizzazione internazionale. 410 0$1001RMG0020842$12001 $aˆLa ‰comunità internazionale$i. Quaderni$i. Nuova serie$v7$171202$aSocietà italiana per l'organizzazione internazionale$3CFIV006618 606 $aCorte europea dei diritti dell'uomo$2FIR$3CFIC119818$9E 676 $a341.242$9Diritto delle nazioni (Diritto internazionale) - Unione europea$v14 712 02$aSocietà italiana per l'organizzazione internazionale$3CFIV006618 791 02$aItalian society for international organization$3CFIV123616$zSocietà italiana per l'organizzazione internazionale 791 02$aS.I.O.I$c $3CFIV226697$zSocietà italiana per l'organizzazione internazionale 801 3$aIT$bIT-000000$c20050225 850 $aIT-BN0095 $aIT-NA0079 901 $bNAP BN$cMAGAZZINO $nmagazzini correnti divisi per anni 901 $bNAP 01$cPOZZO LIB.$nVi sono collocati fondi di economia, periodici di ingegneria e scienze, periodici di economia e statistica e altri fondi comprendenti documenti di economia pervenuti in dono. 912 $aRMG0108654 950 0$aBiblioteca Centralizzata di Ateneo$c1 v.$d 01POZZO LIB.ECON MON 2418$e 0101 0000057075E VMA 1 v. precedente collocazione sez. DASES B 0905$fB $h20090403$i20090403 977 $a 01$a BN 996 $aCorte europea dei diritti umani e l'esecuzione delle sue sentenze$966630 997 $aUNISANNIO